000 00869nam a22002177a 4500
005 20210625141117.0
008 210623b sp ||||| |||| 00| 0 spa d
020 _a8472482731
050 0 4 _aKKT1180.63
_bF47 1995
100 _aFernández-Albor Baltar, Angel
245 1 3 _aLa obra cinematográfica reproducida en cintas de video
_b: (home video explotation)
_c/ Ángel Fernández-Albor Baltar, Angel ; prólogo de José A. Gómez Segade
250 _a1a ed.
260 _aMadrid, España :
_bMarcial Pons :
_bEdiciones Jurídicas,
_c1995
300 _a215 p. ;
_c24 cm.
504 _aBibliografía : p. 203-210
650 7 _2lemb
_aDerechos de autor
_xVideo
_zEspaña
650 7 _2lemb
_aCintas de video
_xPropiedad intelectual
_zEspaña
650 7 _2lemb
_aPropiedad intelectual
_xCine
_zEspaña
700 1 _aGomez Segade, José A.
_eprologuista
942 _2lcc
_cLIB
999 _c156355
_d156353